Foundation science for engineers/ (Record no. 6946)

MARC details
000 -LEADER
fixed length control field 00621nac a22002051u 4500
020 ## - INTERNATIONAL STANDARD BOOK NUMBER
International Standard Book Number 0333554779
082 ## - DEWEY DECIMAL CLASSIFICATION NUMBER
Classification number 530.1
Item number WAT
090 ## - LOCALLY ASSIGNED LC-TYPE CALL NUMBER (OCLC); LOCAL CALL NUMBER (OCLC)
-- 6946
-- 6946
100 ## - MAIN ENTRY--PERSONAL NAME
Personal name Watson, Keith L.
245 ## - TITLE STATEMENT
Title Foundation science for engineers/
Statement of responsibility, etc Keith L. Watson
260 ## -
-- Basingstoke :
-- Macmillan, 1993.
-- 1993.
300 ## - PHYSICAL DESCRIPTION
Extent vii,311p.:
Other physical details ill.;
Dimensions 24 cm.
336 ## - CONTENT TYPE
Source rdacontent
Content type term text
Content type code txt
337 ## - MEDIA TYPE
Media type term unmediated
Source rdamedia
Media type code n
338 ## - CARRIER TYPE
Carrier type term volume
Carrier type code nc
Source rdacarrier
500 ## - GENERAL NOTE
General note distributer: Al-Ahram
511 ## -
-- catalogued by: wessam
650 ## - SUBJECT ADDED ENTRY--TOPICAL TERM
Topical term or geographic name as entry element Physical sciences
942 ## - ADDED ENTRY ELEMENTS (KOHA)
Koha item type Book - Borrowing
Call number prefix 530.1WAT
Classification part RDA-MOD
Holdings
Withdrawn status Lost status Damaged status Not for loan Home library Current library Shelving location Date acquired Source of acquisition Total Checkouts Full call number Barcode Date last seen Price effective from Koha item type
        Central Library Central Library First floor 07/12/2010 Purchase   530.1WAT 000008304 15/07/2025 10/12/2007 Book - Borrowing